| 000 | 00349nam a2200133Ia 4500 | ||
|---|---|---|---|
| 008 | 240624s9999 xx 000 0 und d | ||
| 041 | _aeng | ||
| 082 | _a658.311 RED | ||
| 100 | _aREDDY SUMATI | ||
| 245 | _aEMPLOYEE RECRUITMENT BEST PRACTICES AND | ||
| 260 |
_c2005 _aHyderabad _bICFAI press |
||
| 300 | _aix, : 209 : p. : cm. ; 23 | ||
| 365 |
_cRS _b50 |
||
| 999 |
_c6476 _d6476 |
||